000 00552nam a2200205Ia 4500
005 20250508165719.0
008 008 250505s9999 xx 000 0 hin d
020 _a978-93-85054-98-3
037 _aTextual
040 _aFEDL
_beng
_cFEDL
041 _ahin
_2eng
084 _a891.433, VOH
_qFEDL
100 _aVohra Asha Rani
_9781708
245 0 _aStree- sarokaar
260 _aDelhi, India
_bArya Prakashan Mandal
_c2006
300 _a127p.
365 _aINR
_b125
942 _cTEXL
_h891.433, VOH
999 _c1396947
_d1396947